| 000 | 00647nam a2200229 a 4500 | ||
|---|---|---|---|
| 001 | 000008296 | ||
| 005 | 20200929161326.0 | ||
| 008 | 750116s1994 sp r 000 f spa d | ||
| 020 | _a8420646466 | ||
| 040 |
_aDO-SdBNP _bspa _dBNPHU |
||
| 082 |
_aU863.3 _bG8a |
||
| 100 | 1 |
_aQuiroga, Horacio, _d1878-1937. _95062 |
|
| 245 | 1 | 0 |
_aAnaconda / _cHoracio Quiroga. |
| 260 |
_aMadrid : _bAlianza, _c1994. |
||
| 300 |
_a62 p. ; _c18 cm. |
||
| 490 | 1 |
_aAlianza cien _v46 |
|
| 500 | _aLibro de bolsillo | ||
| 590 | _aInventariado, 2019/BT | ||
| 650 | 4 |
_aCuentos uruguayos _98971 |
|
| 650 | 4 |
_aLiteratura uruguaya _93054 |
|
| 830 | 0 |
_aAlianza cien _n46 _922444 |
|
| 999 |
_c8067 _d8067 |
||